Environmental sustainability (Record no. 78706)

MARC details
000 -LEADER
fixed length control field 01467cad a22002175a 4500
001 - CONTROL NUMBER
control field L137768
008 - FIXED-LENGTH DATA ELEMENTS--GENERAL INFORMATION
fixed length control field 070430s2007 xxkd f s 000 0 eng d
035 ## - SYSTEM CONTROL NUMBER
System control number (Sirsi) u137768
041 0# - LANGUAGE CODE
Language code of text/sound track or separate title eng
100 1# - MAIN ENTRY--PERSONAL NAME
Personal name Waters, Mike
245 00 - TITLE STATEMENT
Title Environmental sustainability
Remainder of title is it HIP?
Medium [electronic resource]
260 ## - PUBLICATION, DISTRIBUTION, ETC.
Date of publication, distribution, etc. 2007
520 ## - SUMMARY, ETC.
Summary, etc. Identifies a lack of energy efficient homes within housing stock. Finds that house buyers are willing to pay more for energy efficient homes. Argues that the energy certificate incorporated within HIPs should be used as a means of regulating environmental performance especially in older stock. The energy rating will thus become an essential aspect of the housebuying process. Analyses the results of a 2006 survey and examines how environmental information will be presented. Concludes that HIPs will prove a useful mechanism for improving energy efficiency of residential property. Suggests a positive relationship between energy efficient ratings and attainable market values. Raises implications pertinent to policy makers.
590 ## - LOCAL NOTE (RLIN)
Local note KA
650 24 - SUBJECT ADDED ENTRY--TOPICAL TERM
Topical term or geographic name entry element HOME INFORMATION PACKS
650 24 - SUBJECT ADDED ENTRY--TOPICAL TERM
Topical term or geographic name entry element SUSTAINABLE COMMUNITIES: BUILDING FOR THE FUTURE
651 #4 - SUBJECT ADDED ENTRY--GEOGRAPHIC NAME
Geographic name England and Wales
Chronological subdivision 1543-
690 ## - LOCAL SUBJECT ADDED ENTRY--TOPICAL TERM (OCLC, RLIN)
Topical term or geographic name as entry element PROPERTY-RESIDENTIAL PROPERTY-ACQUISITION AND DISPOSAL OF RESIDENTIAL PROPERTY-HOME BUYING REFORM
856 40 - ELECTRONIC LOCATION AND ACCESS
Uniform Resource Identifier <a href="https://www.cem.ac.uk/research/hips">https://www.cem.ac.uk/research/hips</a>
Public note View the item free of charge at www.cem.ac.uk/research/hips...
942 ## - ADDED ENTRY ELEMENTS (KOHA)
Suppress in OPAC 0
Holdings
Withdrawn status Lost status Source of classification or shelving scheme Damaged status Not for loan Home library Current library Shelving location Date acquired Total Checkouts Full call number Barcode Date last seen Copy number Price effective from Koha item type
    Dewey Decimal Classification     Virtual Virtual Online 30/04/2007   ONLINE PUBLICATION 137768-2001 06/08/2019 1 06/08/2019 Journal article